000 00884nmc a2200289 a 4500
003 AR-BaBNM
005 20251128211525.0
008 014120s2001 ||||||||||||||000 | spa||
020 _a987-538-047-4
040 _cAR-BaBNM
100 1 _aSpiegel, Alejandro E
245 1 0 _aActividades de Ciencias Sociales y Lengua us@ndo Internet
260 _aBuenos Aires
_bEdiciones Novedades Educativas
_c2001
300 _a158 p.
_bil., tablas
490 0 _aRecursos didácticos
500 _aContiene sitios en internet de interés para docentes
650 4 _aENSENANZA POR COMPUTADORA
650 4 _aACTIVIDADES DE LA CLASE
650 4 _aENSENANZA DE LAS CIENCIAS SOCIALES
653 _aESTRATEGIAS DIDACTICAS
653 _aPROYECTOS DE AULA
653 _aENSENANZA DE LA LENGUA
653 _aINTERNET
700 1 _aBajarlía, Gabriel E.
942 _cBK
998 _craquel
999 _c20019
_d20019